Statistics for NFL Statistic Leaders 2021-2022

Click here to take the quiz!

General Stats

  • This quiz has been taken 939 times
  • The average score is 59 of 120

Answer Stats

CatagoryHintStatAnswer% Correct
Pass TDs1.43Tom Brady
97%
Pass Yards1.5,316Tom Brady
97%
4.4,839Patrick Mahomes
95%
T4.37Patrick Mahomes
95%
8.34Joe Burrow
92%
6.4,611Joe Burrow
92%
T4.37Aaron Rodgers
89%
10.4,115Aaron Rodgers
89%
7.36Josh Allen
88%
8.4,407Josh Allen
88%
2.5,014Justin Herbert
87%
3.38Justin Herbert
87%
7.106Keenan Allen
86%
2.8J.C. Jackson
83%
9.937Derrick Henry
82%
T6.10Derrick Henry
82%
T9.9Hunter Henry
81%
Receptions1.145Cooper Kupp
79%
Receiving TDs1.16Cooper Kupp
79%
Receiving Yards1.1,947Cooper Kupp
79%
2.41Mathew Stafford
78%
3.4,886Mathew Stafford
78%
4.108Justin Jefferson
76%
2.1,616Justin Jefferson
76%
T6.10Justin Jefferson
76%
Rush Yards1.1,811Jonathan Taylor
75%
Rush TDs1.18Jonathan Taylor
75%
2.123Davante Adams
74%
5.11Davante Adams
74%
3.1,553Davante Adams
74%
T9.103Stefon Diggs
73%
8.1,225Stefon Diggs
73%
T6.10Stefon Diggs
73%
Interceptions1.11Trevon Diggs
73%
T4.5Quandre Diggs
72%
Sacks1.22.5T.J. Watt
72%
5.4,804Derek Carr
71%
3.13Ja'Marr Chase
71%
4.1,455Ja'Marr Chase
71%
3.111Tyreek Hill
71%
7.1,239Tyreek Hill
71%
T9.9Tyreek Hill
71%
T9.9Travis Kelce
69%
T4.37Dak Prescott
67%
7.4,449Dak Prescott
67%
9.33Kirk Cousins
65%
9.4,221Kirk Cousins
65%
2.1,259Nick Chubb
63%
T10.8Nick Chubb
63%
5.1,159Dalvin Cook
62%
5.163Roquan Smith
61%
T6.10Jalen Hurts
60%
T9.9Mike Williams
59%
7.1,002Ezekiel Elliot
57%
T6.10Ezekiel Elliot
57%
9.134Jake Elliot
57%
4.13Joe Mixon
55%
3.1,205Joe Mixon
55%
9.9Josh Jacobs
54%
2.14Mike Evans
54%
T2.15Damien Harris
53%
10.929Damien Harris
53%
4.1,200Najee Harris
53%
T7.12.5Aaron Donald
51%
5.12Austin Ekeler
48%
T10.8Deebo Samuel
48%
5.1,405Deebo Samuel
48%
T5.107Dionte Johnson
48%
10.1,161Dionte Johnson
48%
10.27Carson Wentz
46%
4.12DK Metcalf
45%
T4.137Justin Tucker
45%
8.104Jaylen Waddle
42%
3.16Myles Garrett
42%
4.15.5Nick Bosa
42%
T2.15James Conner
38%
T9.9Mark Andrews
37%
T5.107Mark Andrews
37%
6.1,361Mark Andrews
37%
3.170Bobby Wagner
35%
9.1,175Tyler Lockett
35%
T10.8James Robinson
34%
T10.8Leonard Fournette
34%
6.13Micah Parsons
33%
T6.10Adam Thielen
32%
8.144Kyzir White
28%
6.1,037Antonio Gibson
27%
T9.9Hunter Renfrow
26%
T9.103Hunter Renfrow
26%
T10.8Melvin Gordon
23%
8.963Elijah Mitchell
21%
T4.5Xavien Howard
21%
3.144Matt Gay
17%
10.12Harold Landry
16%
T7.12.5Matt Judon
15%
2.18.5Robert Quinn
15%
5.14Trey Hendrickson
15%
T6.135Chris Boswell
12%
PointsT1.150Daniel Carlson
12%
T4.5Justin Simmons
12%
T1.150Nick Folk
12%
T6.135Tyler Bass
12%
T7.12.5Cameron Jordan
11%
7.146De'Vondre Campbell
11%
T9.9Dawson Knox
10%
T4.5Jordan Poyer
9%
T4.5Kevin Byard
9%
T4.137Matt Prater
9%
T4.5Micah Hyde
9%
9.143Eric Kendricks
6%
Total Tackles1.192Foye Oluokun
6%
2.184Jordyn Brooks
6%
T6.135Greg Joseph
5%
T4.5Rasul Douglas
5%
10.131Ryan Succop
5%
3.6Amani Oruwariye
3%
6.154Denzel Perryman
3%
4.168C.J. Mosely
2%
10.142Cole Holcomb
2%
T4.5Xavier McKinney
2%

Score Distribution

Percentile by Number Answered

Percent of People with Each Score

Your Score History

You have not taken this quiz